I.O.U.S.A. / (Record no. 440)
[ view plain ]
| 000 -LEADER | |
|---|---|
| fixed length control field | 01499nam a22002417a 4500 |
| 005 - DATE AND TIME OF LATEST TRANSACTION | |
| control field | 20150515053118.0 |
| 008 - FIXED-LENGTH DATA ELEMENTS--GENERAL INFORMATION | |
| fixed length control field | 080818s2008 njuab b 001 0 eng |
| 020 ## - INTERNATIONAL STANDARD BOOK NUMBER | |
| International Standard Book Number | 9780470222775 |
| 024 #0 - OTHER STANDARD IDENTIFIER | |
| Terms of availability | eng |
| 080 ## - UNIVERSAL DECIMAL CLASSIFICATION NUMBER | |
| Universal Decimal Classification number | 338.27 |
| 100 1# - Rafti | |
| Rafti | Wiggin, Addison. |
| 245 10 - TITLE STATEMENT | |
| Title | I.O.U.S.A. / |
| Statement of responsibility, etc | Addison Wiggin and Kate Incontrera ; with Dorianne Perrucci ; foreword by David Walker. |
| 250 ## - | |
| -- | 1 st.ed.; |
| 260 ## - | |
| -- | Hoboken, N.J. : |
| -- | Wiley, |
| -- | 2008. |
| 300 ## - | |
| -- | 266 f. : |
| -- | ill., map ; |
| -- | 23 cm. |
| 504 ## - BIBLIOGRAPHY, ETC. NOTE | |
| Bibliography, etc | Includes bibliographical references (p. 261-262) and index. |
| 520 1# - | |
| -- | "The United States has been spending its way deeper and deeper into the red, and saddling future generations with the mess - but who's paying attention?" "To answer that question, the companion book to the critically acclaimed documentary I.O.U.S.A. talks with some of the most revered voices in the nation, including Warren Buffett; former Treasury Secretaries Paul O'Neill and Robert Rubin; Pete Peterson, CEO of The Blackstone Group; Congressman Ron Paul (R-Texas); and bestselling Empire of Debt author Bill Bonner." "The book takes a romp through the four deficits the nation faces: the budget deficit, the personal savings deficit, the trade deficit - and what former U.S. Comptroller General David Walker calls the "leadership deficit" in Washington."--BOOK JACKET. |
| 650 #0 - | |
| -- | Financa |
| 650 #0 - | |
| -- | Parashikimi Ekonomik |
| 700 1# - | |
| -- | Incontrera, Kate, |
| 700 1# - | |
| -- | Perrucci, Dorianne R., |
| 942 ## - ADDED ENTRY ELEMENTS (KOHA) | |
| Source of classification or shelving scheme | |
| Item type | Books |
| Withdrawn status | Lost status | Source of classification or shelving scheme | Damaged status | Not for loan | Collection code | Permanent location | Current location | Shelving location | Date acquired | Total Checkouts | Full call number | Barcode | Date last seen | Koha item type | Price effective from |
|---|---|---|---|---|---|---|---|---|---|---|---|---|---|---|---|
| Koleksioni i përgjithshem | UBT - Ferizaj | UBT - Ferizaj | Koleksioni i përgjithshem | 04/29/2014 | 338.27 WIGG | 003000321 | 04/29/2014 | Books | |||||||
| Koleksioni i përgjithshem | UBT - Ferizaj | UBT - Ferizaj | Koleksioni i përgjithshem | 04/29/2014 | 338.27 WIGG | 003000322 | 04/29/2014 | Books | |||||||
| Koleksioni i përgjithshem | UBT - Ferizaj | UBT - Ferizaj | Koleksioni i përgjithshem | 04/29/2014 | 338.27 WIGG | 003000323 | 04/29/2014 | Books | |||||||
| Koleksioni i përgjithshem | UBT - Ferizaj | UBT - Ferizaj | Koleksioni i përgjithshem | 04/29/2014 | 338.27 WIGG | 003000324 | 04/29/2014 | Books | |||||||
| Koleksioni i përgjithshem | UBT - Ferizaj | UBT - Ferizaj | Koleksioni i përgjithshem | 04/29/2014 | 338.27 WIGG | 003000325 | 04/29/2014 | Books | |||||||
| Koleksioni i përgjithshem | UBT - Ferizaj | UBT - Ferizaj | Koleksioni i përgjithshem | 04/29/2014 | 338.27 WIGG | 003000326 | 04/29/2014 | Books | |||||||
| Koleksioni i përgjithshem | UBT - Ferizaj | UBT - Ferizaj | Koleksioni i përgjithshem | 04/29/2014 | 338.27 WIGG | 003000327 | 04/29/2014 | Books | |||||||
| Koleksioni i përgjithshem | UBT - Ferizaj | UBT - Ferizaj | Koleksioni i përgjithshem | 04/29/2014 | 338.27 WIGG | 003000328 | 04/29/2014 | Books | |||||||
| Koleksioni i përgjithshem | UBT - Ferizaj | UBT - Ferizaj | Koleksioni i përgjithshem | 04/29/2014 | 338.27 WIGG | 003000329 | 04/29/2014 | Books | |||||||
| Koleksioni i përgjithshem | UBT - Ferizaj | UBT - Ferizaj | Koleksioni i përgjithshem | 04/29/2014 | 338.27 WIGG | 003000330 | 04/29/2014 | Books | |||||||
| Koleksioni i përgjithshem | UBT - Lipjan | UBT - Lipjan | Koleksioni i përgjithshem | 05/15/2015 | 338.27 WIGG | 05/15/2015 | Books | 05/15/2015 |